Score 0/20 Timer 05:00
3 Plays Today
% Correct
Harry Potter and the Deathly Hallows: Part 1
94.6%
Anchorman: The Legend of Ron Burgundy
93.4%
Gandhi
92.7%
Gladiator
89.6%
Seabiscuit
88.4%
Ocean's Eleven
87.8%
A Beautiful Mind
87%
The Ten Commandments
86.8%
Titanic
86.7%
The Da Vinci Code
86.5%
% Correct
Babe
83.9%
Field of Dreams
82.5%
Kill Bill: Vol. 1
78.1%
Bridesmaids
77.3%
Sweeney Todd: The Demon Barber of Fleet Street
76.5%
Flashdance
75.9%
Les Misérables
75.1%
The Muppet Movie
72%
Chicago
66.1%
La La Land
57.2%
Remove Ads.
Support Sporcle.
Get the best of Sporcle when you Go Orange. This ad-free experience offers more features, more stats, and more fun while also helping to support Sporcle. Thank you for becoming a member.

You're not logged in!

Compare scores with friends on all Sporcle quizzes.
OR
Log In

Show Comments

Extras

Top Quizzes Today


Score Distribution

Your Account Isn't Verified!

In order to create a playlist on Sporcle, you need to verify the email address you used during registration. Go to your Sporcle Settings to finish the process.

Report this User

Report this user for behavior that violates our Community Guidelines.

Details: